000 00604nam a2200205 i 4500
001 bgj
100 1 _aGRAY, Elizabeth
245 1 0 _aWelcome :
_bpupil's book 3 /
_cElizabeth Gray ; Virginia Evans.
260 _aNewbury, Berkshire :
_bExpress Publishing,
_c2001.
300 _a126 pp :
_bill. ;
_c30 cm.
505 _aIncludes "The Welcome Weekly".
650 9 _aEnglish language
_xTextbooks for children
700 1 _aEVANS, Virginia.
_eco-author
020 _a1843253038
040 _cBPK
041 0 _aeng
920 _a1-84325-303-8
942 _cKS
008 s uk f |000 0 eng
999 _c48508
_d48508